000
00238nam a22000857a 4500
008
160716b xxu||||| |||| 00| 0 eng d
100
_9
2960
_a
Dumas, A
245
_a
The Count of Monte Cristo
260
_a
USA
_b
Trident Press International
_c
2001
999
_c
2524
_d
2524